000 00307 a2200121 4500
999 _c321804
_d321804
001 86731
003 NUST
005 20180123111827.0
008 180123b xxu||||| |||| 00| 0 eng d
082 _a891.439802 ARI
100 _aDr Muhammad Arif Siddiqui
_99591
245 _aShaheen Ka Jehan Aur
_hUrdu
260 _aLahore
_bSanjh Publications
_c2011
300 _a160p.
942 _aCAE NUST
_cBK
_k891.439802 ARI
_2ddc